| 000 | 01403cam a2200421 4500 | ||
|---|---|---|---|
| 001 | J2347 | ||
| 008 | 090401t1994 xxu||||| |||| 00| 0 eng d | ||
| 035 | _a(Sirsi) u48558 | ||
| 041 | _aeng | ||
| 050 | _a526.9 | ||
| 110 | _aFederation International Des Geometres | ||
| 245 | _a... XX congress ... Melbourne, Australia, March 5-12 1994 ... commission 8 ... urban land systems: planning and environment ... | ||
| 260 |
_bFIG _c1994 |
||
| 300 | _aca.310p. : ill. ; 21cm. | ||
| 350 | _a0 | ||
| 520 | _aPapers include:- Approaches to urban regeneration/ DIXON, P. & GODDARD, C. - Environmental management systems and property investment/ TURNER, N., GRONOW, S., PRESCOTT, G. & PARSA, A. - The British-French Channel Tunnel Rail Link: strategic transport infrastructure, planning and land issues/ HOME, R. | ||
| 650 | _aAUSTRALIA | ||
| 650 | _aCAMEROON | ||
| 650 | _aCHANNEL TUNNEL RAIL LINK | ||
| 650 | _aCONFERENCES | ||
| 650 | _aDENMARK | ||
| 650 | _aENVIRONMENTAL MANAGEMENT SYSTEMS | ||
| 650 | _aFINLAND | ||
| 650 | _aITALY | ||
| 650 | _aMALAYSIA | ||
| 650 | _aNEW ZEALAND | ||
| 650 | _aORESUND | ||
| 650 | _aPROPERTY INVESTMENT | ||
| 650 | _aSURVEYORS | ||
| 650 | _aSWEDEN | ||
| 650 | _aSWITZERLAND | ||
| 650 | _aURBAN AREAS | ||
| 650 | _aURBAN LAND SYSTEMS | ||
| 650 | _aURBAN REGENERATION | ||
| 690 | _aLAND SURVEYING | ||
| 942 | _n0 | ||
| 948 | _c04/03/1997 | ||
| 999 |
_c92364 _d92364 |
||